Statystyki dla Współczesne państwa Imperium Holenderskiego z mapą

Kliknij tutaj aby rozwiązać quiz!

Ogólne statystyki

  • Ten quiz został rozwiązany 7 302 razy
  • Średni wynik to 11 z 15

Odpowiedzi na mapie

Odpowiedzi skodowane kolorowo w zielono-czerwonej skali na mapie do tego quizu, zgodnie z poniższymi procentami.
 

Statystyki odpowiedzi

Państwo% Poprawnych
Indonezja
95%
Holandia
93%
Belgia
91%
Brazylia
85%
Stany Zjednoczone
84%
Tajwan
82%
Republika
Południowej Afryki
80%
Indie
78%
Sri Lanka
76%
Luksemburg
73%
Surinam
73%
Gujana
72%
Francja
63%
Ghana
43%
Wybrzeże
Kości Słoniowej
43%

Rozkład punktacji

Percentyl według liczby udzielonych odpowiedzi

Procent ludzi z każdym wynikiem

Twoja historia wyników

Nie rozwiązałeś tego quizu